My little world (teacher's guide) : (Record no. 110598)
[ view plain ]
| 000 -LEADER | |
|---|---|
| fixed length control field | 00501nam a2200169 a 4500 |
| 001 - CONTROL NUMBER | |
| control field | 1817 |
| 005 - DATE AND TIME OF LATEST TRANSACTION | |
| control field | 20140414131859.0 |
| 008 - FIXED-LENGTH DATA ELEMENTS--GENERAL INFORMATION | |
| fixed length control field | 010327s19uu xx 00 eng d |
| 050 ## - LIBRARY OF CONGRESS CALL NUMBER | |
| Classification number | FIL 238 |
| Item number | M99 |
| 100 ## - MAIN ENTRY--PERSONAL NAME | |
| Personal name | Cleofe, M. C. V. |
| 245 ## - TITLE STATEMENT | |
| Title | My little world (teacher's guide) : |
| Remainder of title | catechesis for kindergarten classes / |
| Statement of responsibility, etc | by M. C. V. Cleofe, SJGS. |
| 260 ## - PUBLICATION, DISTRIBUTION, ETC. (IMPRINT) | |
| Place of publication, distribution, etc | Sta. Cruz, Manila : |
| Name of publisher, distributor, etc | Saint Mary's, |
| Date of publication, distribution, etc | [n.d.] |
| 300 ## - PHYSICAL DESCRIPTION | |
| Extent | 25 p. ; cm. |
| 650 ## - SUBJECT ADDED ENTRY--TOPICAL TERM | |
| Topical term or geographic name as entry element | Catechesis. |
| 650 ## - SUBJECT ADDED ENTRY--TOPICAL TERM | |
| Topical term or geographic name as entry element | Beliefs. |
| Withdrawn status | Lost status | Damaged status | Use restrictions | Home library | Current library | Shelving location | Date acquired | Source of acquisition | Total Checkouts | Full call number | Barcode | Date last seen | Price effective from | Koha item type |
|---|---|---|---|---|---|---|---|---|---|---|---|---|---|---|
| Munich Library | Munich Library | Filipiniana Section | 12/23/2004 | FIL 238 M99 | M1048 | 04/14/2014 | 04/14/2014 | Books |